Normal view
MARC view
- México
Entry Nombre Geográfico
001 - NÚMERO DE CONTROL
- campo de control: 46018
003 - IDENTIFICADOR DE NUMERO DE CONTROL
- campo de control: UPN
005 - FECHA Y HORA DE LA ÜLTIMA TRANSACCIÓN
- campo de control: 20220901114227.0
008 - DATOS DE LONGITUD FIJA
- campo de control de longitud fija: 220901dn anzn|babc | ana d
040 ## - FUENTE DE CATALOGACIÓN
- Agencia de catalogación original: MX-MxUPN
- Lenguaje de catalogación: spa
151 ## - ENCABEZAMIENTO - NOMBRE GEOGRÁFICO
- Nombre geográfico: México
- Subdivisión general : Comercio
- Subdivisión general : Historia
- Subdivisión cronológica : Siglo XVIII
670 ## - FUENTE EN LA QUE SE LOCALIZARON DATOS
- Cita de la fuente: Autoridades BGTQ, 01-09-2022:
- Información localizada: (Encabezamiento: México - Comercio - Historia)
670 ## - FUENTE EN LA QUE SE LOCALIZARON DATOS
- Cita de la fuente: Autoridades BGTQ, 01-09-2022:
- Información localizada: (Subdivisión cronológica: Historia - Siglo XVIII)
902 ## - CATALOGADOR
- Catalogador: VAGG/010922
